|
|
|
|
| LEADER |
00000nab a2200000 a 4500 |
| 001 |
vtls000672642 |
| 003 |
SK-MaSNL |
| 005 |
20260304090554.0 |
| 008 |
250425c1998 xo 0 slo |
| 015 |
|
|
|a SNBRB1998/10-27979
|
| 035 |
|
|
|a CLN000024818
|
| 035 |
|
|
|a urn:nbn:sk:snk-abbs42
|
| 035 |
|
|
|a (urnnbn)urn:nbn:sk:snk:ar-001cbb
|
| 035 |
|
|
|a (uuid)dd80b0e5-dab9-46df-85a3-8c66b689f1f9
|
| 040 |
|
|
|a SNKBUCL
|b slo
|c SNKBUCL
|e AACR2
|
| 041 |
0 |
|
|a slo
|
| 044 |
|
|
|a xo
|c SK
|
| 080 |
|
|
|a 902(437.6)
|2 1997
|
| 080 |
|
|
|a 904(437.6):902
|2 1997
|
| 100 |
1 |
|
|a Prášek, Karel
|4 aut
|9 968268
|
| 245 |
1 |
0 |
|a Archeologické potulky po Trnavskom kraji
|c Karol Prášek
|
| 300 |
|
|
|b Obr.
|
| 650 |
0 |
7 |
|a archeologické pamiatky
|2 SNKPH
|9 31774
|
| 651 |
|
7 |
|a Trnava (Slovensko)
|2 SNKPH
|9 19407
|
| 655 |
|
7 |
|a články z novín a časopisov
|2 snkbucl
|9 267496
|
| 773 |
0 |
|
|t Rodina a škola
|g Roč. 46, č. 8 (1998), s. 19
|x 0231-6463
|
| 850 |
|
|
|a Slovenská národná knižnica
|
| 852 |
|
|
|a Slovenská národná knižnica
|
| 954 |
|
|
|a odborná, vedecká literatúra pôvodná (slovenská)
|2 lita
|
| 958 |
|
|
|a article15
|
| 958 |
|
|
|a SK
|
| 958 |
|
|
|a OND
|
| 958 |
|
|
|a EUIPO
|
| 992 |
|
|
|a RBX
|
| 999 |
|
|
|c 2811883
|d 2813813
|